000 01129cam a2200337 4500
999 _c24121
_d24121
001 vtls012276438
005 20260107133654.0
008 250515s2025 xo g 000 f slo
020 _a9788055197265
_q(viazané)
040 _aSNK
_bslo
_cSNK
_erda
041 1 _aslo
_heng
044 _axo
_cSK
072 7 _a821.111-3
_xAnglická próza, anglicky písaná
_2konspekt
080 _a821.111-31
_22011
100 1 _aBessey, Siân Ann,
_d1963-
_4aut
_95384
240 1 4 _aThe nobble smuggler
_lSlovensky
245 1 0 _aUšľachtilý pašerák
_cSian Ann Bessey ; preložila Miriam Ghaniová
264 1 _aBratislava
_bIkar, a.s. - Slovenský spisovateľ
_c2025
300 _a308 strán
_c21 cm
336 _atext
_btxt
_2rdacontent
337 _abez média
_bn
_2rdamedia
338 _azväzok
_bnc
_2rdacarrier
500 _aPreložené z angličtiny
500 _aObsahuje stručné biografické údaje o autorke
655 7 _aanglické romány
_2SNKPH
_98
655 7 _aEnglish fiction
_2SNKPHeng
_99
700 1 _aGhaniová, Miriam
_4trl
_93677
958 _aLX
958 _aUP